[Event "Reunion op 18th"]
[Site "St Denis"]
[Date "2016.10.13"]
[Round "6"]
[White "Calmels, Nicolas"]
[Black "Mercadal, Theo"]
[Result "1-0"]
[WhiteElo "1863"]
[BlackElo "1513"]
[PlyCount "67"]
[EventDate "2016.10.10"]
[EventType "swiss"]
[EventRounds "7"]
[EventCountry "RUF"]
[SourceTitle "CBM 175 Extra"]
[Source "ChessBase"]
[SourceDate "2016.12.12"]
[SourceVersion "1"]
[SourceVersionDate "2016.12.12"]
[SourceQuality "1"]

1. e4 e5 2. d4 exd4 3. Qxd4 Nc6 4. Qe3 d6 5. Bd2 Be6 6. Nc3 a6 7. h3 g6 8. f4 Bg7 9. Nf3 h6 10. f5 Bd7 11. 0-0-0 Ne5 12. Nxe5 Bxe5 13. fxg6 fxg6 14. Nd5 Bc6 15. Bc3 Nf6 16. Bxe5 Bxd5 17. Bxf6 Qxf6 18. exd5+ Qe7 19. Qf2 Rf8 20. Qd4 Kd8 21. Bd3 Qg5+ 22. Kb1 b6 23. Qg7 Re8 24. Rde1 Rxe1+ 25. Rxe1 Kc8 26. Re8+ Kb7 27. Rxa8 Kxa8 28. Qxc7 Qxg2 29. Qc8+ Ka7 30. Qxa6+ Kb8 31. Qxb6+ Ka8 32. Qa6+ Kb8 33. Qxd6+ Ka7 34. a4 1-0

[Event "Reunion op 16th"]
[Site "St Denis"]
[Date "2014.10.24"]
[Round "8"]
[White "Calmels, Nicolas"]
[Black "Letreguilly, Olivier"]
[Result "1/2-1/2"]
[WhiteElo "1884"]
[BlackElo "2332"]
[PlyCount "117"]
[EventDate "2014.10.18"]
[EventType "swiss"]
[EventRounds "9"]
[EventCountry "RUF"]
[SourceTitle "EXT 2015"]
[Source "ChessBase"]
[SourceDate "2014.11.20"]
[SourceVersion "1"]
[SourceVersionDate "2014.11.20"]
[SourceQuality "1"]

1. d4 Nf6 2. c4 e6 3. Nf3 b6 4. a3 Bb7 5. e3 g6 6. Nc3 Bg7 7. b4 0-0 8. Bb2 d6 9. Be2 Ne4 10. Qc2 f5 11. Rd1 Ng5 12. d5 Nd7 13. 0-0 Nxf3+ 14. Bxf3 Ne5 15. Be2 f4 16. exf4 Rxf4 17. g3 Nf3+ 18. Kg2 Nd4 19. Qd2 Rf8 20. Qe3 e5 21. Bg4 h5 22. Be2 Bc8 23. Bd3 Rf3 24. Qc1 Qd7 25. Ne4 Rf8 26. Bxd4 exd4 27. f4 c6 28. Ng5 cxd5 29. cxd5 Bb7 30. Be4 Rfe8 31. Bf3 Re3 32. Rfe1 Rc8 33. Qb2 Rcc3 34. Rxe3 dxe3 35. Qb1 Qe8 36. Ne4 Rxa3 37. Nxd6 Qd7 38. Nxb7 Qxb7 39. d6 Qd7 40. Qxg6 Ra2+ 41. Kg1 Rd2 42. Rxd2 exd2 43. Qd3 Bf8 44. Bd5+ Kh8 45. Qxd2 Qxd6 46. Qd4+ Bg7 47. Qe4 Bf8 48. Qf5 Qxb4 49. Qxh5+ Kg7 50. Qf7+ Kh6 51. Qf6+ Kh7 52. Qf5+ Kg7 53. Qg5+ Kh7 54. Qg8+ Kh6 55. Bf7 Bc5+ 56. Kg2 Qe4+ 57. Kh3 Qf5+ 58. Kg2 Qe4+ 59. Kh3 1/2-1/2

[Event "Reunion op 16th"]
[Site "St Denis"]
[Date "2014.10.20"]
[Round "4"]
[White "Calmels, Nicolas"]
[Black "Andriandaza, Tombo Omar"]
[Result "1-0"]
[WhiteElo "1884"]
[BlackElo "1717"]
[PlyCount "99"]
[EventDate "2014.10.18"]
[EventType "swiss"]
[EventRounds "9"]
[EventCountry "RUF"]
[SourceTitle "EXT 2015"]
[Source "ChessBase"]
[SourceDate "2014.11.20"]
[SourceVersion "1"]
[SourceVersionDate "2014.11.20"]
[SourceQuality "1"]

1. e4 c6 2. Nc3 d5 3. d4 dxe4 4. Nxe4 Bf5 5. Ng3 Bg6 6. Be2 Nf6 7. Nf3 Nbd7 8. c4 e6 9. a3 Be7 10. Nh4 Qc7 11. b4 a5 12. Bd2 axb4 13. axb4 0-0 14. Nxg6 hxg6 15. 0-0 Nb6 16. Qb3 Rfd8 17. Be3 Rxa1 18. Rxa1 Ra8 19. Ra5 Bd8 20. Rxa8 Nxa8 21. Qb2 Nb6 22. h4 Nbd7 23. Bf3 Be7 24. c5 Nd5 25. Bxd5 exd5 26. h5 gxh5 27. Nxh5 g6 28. Bf4 Qc8 29. Ng3 Bf6 30. Be3 Qa8 31. b5 Nxc5 32. bxc6 bxc6 33. Qb4 Ne6 34. Ne2 Qa6 35. Qd2 Qa1+ 36. Kh2 Qa4 37. Qb2 Kg7 38. Qd2 Kh7 39. f4 Ng7 40. g4 Ne8 41. Ng3 Nd6 42. Qd3 Qb5 43. Qc3 Qc4 44. Qa3 Nb5 45. Qf8 Qd3 46. Qxf7+ Bg7 47. f5 Qc2+ 48. Kh3 gxf5 49. Nxf5 Qxf5 50. gxf5 1-0

[Event "Reunion op 16th"]
[Site "St Denis"]
[Date "2014.10.18"]
[Round "2"]
[White "Calmels, Nicolas"]
[Black "Dennemont, Bruno"]
[Result "1-0"]
[WhiteElo "1884"]
[BlackElo "1620"]
[PlyCount "69"]
[EventDate "2014.10.18"]
[EventType "swiss"]
[EventRounds "9"]
[EventCountry "RUF"]
[SourceTitle "EXT 2015"]
[Source "ChessBase"]
[SourceDate "2014.11.20"]
[SourceVersion "1"]
[SourceVersionDate "2014.11.20"]
[SourceQuality "1"]

1. e4 e5 2. d4 exd4 3. Qxd4 Nc6 4. Qe3 d6 5. Bd2 a6 6. Nc3 Nf6 7. f3 Be6 8. Nge2 Nb4 9. Nd4 c5 10. Nxe6 fxe6 11. Bd3 c4 12. a3 cxd3 13. axb4 dxc2 14. 0-0 d5 15. exd5 Nxd5 16. Qxe6+ Ne7 17. Ne4 Qd4+ 18. Kh1 Rd8 19. Bf4 Qd5 20. Nd6+ Rxd6 21. Qxd6 Qb3 22. Be5 Nc6 23. Qc7 Qxb4 24. Rfe1 Be7 25. Bd6 Qh4 26. Qc8+ Kf7 27. Qe6+ Kf8 28. Qc8+ Kf7 29. Qxh8 Bxd6 30. Qe8+ Kf6 31. Re6+ Kg5 32. Rxd6 Qc4 33. Qe3+ Kh5 34. g4+ Kh4 35. Rh6+ 1-0

[Event "Reunion op 16th"]
[Site "St Denis"]
[Date "2014.10.18"]
[Round "1"]
[White "Labrande, Jean Donatien"]
[Black "Calmels, Nicolas"]
[Result "0-1"]
[WhiteElo "1372"]
[BlackElo "1884"]
[PlyCount "120"]
[EventDate "2014.10.18"]
[EventType "swiss"]
[EventRounds "9"]
[EventCountry "RUF"]
[SourceTitle "EXT 2015"]
[Source "ChessBase"]
[SourceDate "2014.11.20"]
[SourceVersion "1"]
[SourceVersionDate "2014.11.20"]
[SourceQuality "1"]

1. e4 e5 2. Nf3 Nf6 3. Nc3 Bb4 4. Bc4 Nc6 5. d3 d5 6. exd5 Nxd5 7. Bd2 Nb6 8. Bb5 Bd7 9. 0-0 Qe7 10. Re1 f6 11. d4 0-0-0 12. a3 Bxc3 13. Bxc3 e4 14. d5 Ne5 15. Bxd7+ Nexd7 16. Bb4 Qe8 17. Qd4 f5 18. Rad1 g5 19. Nxg5 Qg6 20. Ne6 Rhg8 21. Nf4 Qg4 22. Bd2 Kb8 23. d6 c5 24. Qc3 Rde8 25. Be3 Re6 26. g3 Ne5 27. Nxe6 Nf3+ 28. Kg2 Nd7 29. Rh1 Nh4+ 30. Kf1 Qxd1+ 31. Qe1 Qf3 32. Rg1 Ne5 33. Qe2 Kc8 34. Nxc5 Qxe2+ 35. Kxe2 Nhf3 36. Rd1 Nd7 37. h4 b6 38. Ne6 Rg6 39. Ng5 Nfe5 40. Nxh7 Nc4 41. Bf4 Kb7 42. b3 Nxa3 43. Rd5 Nxc2 44. Rxf5 Nd4+ 45. Ke3 Nxf5+ 46. Kxe4 Nxd6+ 47. Kd5 Nc8 48. h5 Ne7+ 49. Ke4 Re6+ 50. Kf3 Nc5 51. b4 Nd3 52. Nf8 Rf6 53. Nd7 Rf7 54. h6 Nxb4 55. g4 Ng6 56. g5 Rxf4+ 57. Ke3 a5 58. h7 a4 59. h8Q Nxh8 60. Kxf4 a3 0-1

[Event "Reunion op 15th"]
[Site "St Denis"]
[Date "2013.10.12"]
[Round "1"]
[White "Calmels, Nicolas"]
[Black "Rakotoarivao, Faneva"]
[Result "0-1"]
[WhiteElo "1907"]
[BlackElo "1525"]
[PlyCount "86"]
[EventDate "2013.10.12"]
[EventType "swiss"]
[EventRounds "9"]
[EventCountry "RUF"]
[SourceTitle "EXT 2014"]
[Source "ChessBase"]
[SourceDate "2013.11.20"]
[SourceVersion "1"]
[SourceVersionDate "2013.11.20"]
[SourceQuality "1"]

1. e4 c5 2. Nf3 d6 3. Nc3 a6 4. d4 cxd4 5. Nxd4 Nf6 6. Be2 e6 7. 0-0 Be7 8. Be3 Nc6 9. Nb3 0-0 10. Na4 b5 11. Nb6 Rb8 12. Nxc8 Rxc8 13. a4 Nxe4 14. axb5 axb5 15. Bxb5 d5 16. c3 Ne5 17. f3 Nd6 18. Ba4 Nec4 19. Bc1 Qb6+ 20. Kh1 Ne3 21. Bxe3 Qxe3 22. Re1 Qg5 23. Qe2 Nc4 24. Nd4 Rb8 25. b3 Nb6 26. Nc6 Rb7 27. Nxe7+ Qxe7 28. Bb5 Rc7 29. Qe3 Qc5 30. Bd3 Nd7 31. Qf4 Rfc8 32. Rac1 Qf2 33. Re2 Qb6 34. Qa4 Nf6 35. b4 Ra7 36. Qb3 Rca8 37. Bb1 Ra3 38. Qc2 g6 39. Qb2 Qc7 40. c4 Qf4 41. c5 Rb3 42. Qc2 Rxb4 43. c6 Rc4 0-1